[Event "Loire-ch Top14 0708"]
[Site "Loire"]
[Date "2008.04.05"]
[Round "7"]
[White "Maestracci, Olivier"]
[Black "Doucet, Medhi"]
[Result "1-0"]
[WhiteElo "1580"]
[BlackElo "1790"]
[PlyCount "41"]
[EventDate "2007.10.20"]
[EventType "swiss"]
[EventRounds "7"]
[EventCountry "FRA"]
[SourceTitle "EXT 2010"]
[Source "ChessBase"]
[SourceDate "2010.11.25"]
[SourceVersion "1"]
[SourceVersionDate "2010.11.25"]
[SourceQuality "1"]

1. e4 c5 2. Nf3 Nc6 3. d4 cxd4 4. Nxd4 e6 5. Be2 Bc5 6. Nb3 Qb6 7. 0-0 Nd4 8. Nxc5 Qxc5 9. Be3 Nxe2+ 10. Qxe2 Qe5 11. Nc3 Nf6 12. f4 Qh5 13. Qxh5 Nxh5 14. e5 f6 15. Nb5 Kd8 16. Bxa7 f5 17. Bb6+ Ke7 18. a4 Ra6 19. a5 Rxb6 20. axb6 Rd8 21. Nd6 1-0

[Event "Loire-ch Top14 0708"]
[Site "Loire"]
[Date "2008.02.16"]
[Round "5"]
[White "Doucet, Medhi"]
[Black "Muller, Anthony"]
[Result "0-1"]
[WhiteElo "1790"]
[BlackElo "1790"]
[PlyCount "112"]
[EventDate "2007.10.20"]
[EventType "swiss"]
[EventRounds "7"]
[EventCountry "FRA"]
[SourceTitle "EXT 2010"]
[Source "ChessBase"]
[SourceDate "2010.11.25"]
[SourceVersion "1"]
[SourceVersionDate "2010.11.25"]
[SourceQuality "1"]

1. c4 e5 2. e4 Bc5 3. Nf3 Nc6 4. d3 h6 5. a3 a6 6. Nc3 d6 7. Be2 f5 8. Be3 Bxe3 9. fxe3 fxe4 10. Nxe4 Bf5 11. Nc3 Bg4 12. 0-0 Nf6 13. Nh4 Bxe2 14. Qxe2 0-0 15. Rf2 Qd7 16. h3 Nh7 17. Raf1 Rxf2 18. Rxf2 Nd8 19. Qf1 Ne6 20. Nf5 Rf8 21. Nd5 Rf7 22. Ng3 c6 23. Nc3 Rxf2 24. Qxf2 Nf6 25. Nge4 Nxe4 26. Nxe4 d5 27. cxd5 cxd5 28. Nd2 Nc5 29. Qf1 Qb5 30. d4 Qxb2 31. Nc4 Qb3 32. Nxe5 Qxe3+ 33. Kh1 Qe4 34. Qf7+ Kh7 35. dxc5 Qxe5 36. Qxb7 Qe1+ 37. Kh2 d4 38. Qd5 Qe3 39. Qf5+ Kh8 40. c6 Qc1 41. Qe5 Qxc6 42. Qxd4 Qc7+ 43. Kh1 Qc1+ 44. Kh2 Qxa3 45. Qc4 Qd6+ 46. Kg1 Qg6 47. Kf2 a5 48. Kf3 Qf6+ 49. Ke3 Qe7+ 50. Kd3 Qb7 51. Qe4 Qxe4+ 52. Kxe4 Kh7 53. Kd4 Kg6 54. Kc4 Kf5 55. g3 Ke4 56. Kb5 Kf3 0-1

[Event "Loire-ch op 0506"]
[Site "Loire"]
[Date "2006.02.11"]
[Round "4"]
[White "Doucet, Medhi"]
[Black "Desassis, Maxence"]
[Result "1-0"]
[WhiteElo "1620"]
[BlackElo "1590"]
[PlyCount "51"]
[EventDate "2005.11.27"]
[EventType "swiss"]
[EventRounds "6"]
[EventCountry "FRA"]
[SourceTitle "EXT 2008"]
[Source "ChessBase"]
[SourceDate "2007.11.25"]
[SourceVersion "1"]
[SourceVersionDate "2007.11.25"]
[SourceQuality "1"]

1. c4 d6 2. Nc3 Nf6 3. e4 g6 4. d3 Bg7 5. Nf3 0-0 6. g3 b6 7. Bg2 Bb7 8. 0-0 Nbd7 9. Be3 e5 10. Bg5 h6 11. Be3 Ng4 12. Nd5 c6 13. Nc3 Ndf6 14. Bd2 d5 15. h3 dxe4 16. dxe4 Bc8 17. hxg4 Bxg4 18. Be3 Nh7 19. Qxd8 Raxd8 20. Rfd1 Rxd1+ 21. Rxd1 f5 22. exf5 Rxf5 23. Rd8+ Nf8 24. Nh2 Bf6 25. Nxg4 Rxf2 26. Rxf8+ 1-0

[Event "Loire-ch op 0405"]
[Site "Loire"]
[Date "2004.10.16"]
[Round "2"]
[White "Doucet, Medhi"]
[Black "Megnot, Philippe"]
[Result "1-0"]
[WhiteElo "1630"]
[BlackElo "1390"]
[PlyCount "57"]
[EventDate "2004.10.16"]
[EventType "swiss"]
[EventRounds "9"]
[EventCountry "FRA"]
[SourceTitle "EXT 2008"]
[Source "ChessBase"]
[SourceDate "2007.11.25"]
[SourceVersion "1"]
[SourceVersionDate "2007.11.25"]
[SourceQuality "1"]

1. c4 g6 2. e4 d6 3. d4 Bg7 4. Nf3 Bg4 5. Be2 Nc6 6. Be3 Nf6 7. Nc3 0-0 8. h3 Bd7 9. d5 Nb8 10. Nd4 Qc8 11. f3 c5 12. Nc2 Nh5 13. Bg5 Bxc3+ 14. bxc3 Re8 15. Bh4 e6 16. Ne3 e5 17. Ng4 Bxg4 18. hxg4 Nf4 19. g3 Ng2+ 20. Kf2 Nxh4 21. Rxh4 Nd7 22. Qh1 Nf8 23. g5 Qd8 24. Rg4 Rc8 25. Bd3 Qa5 26. Qc1 a6 27. a4 Qb6 28. Rb1 Qa7 29. Qb2 1-0

[Event "Loire-ch op"]
[Site "Loire"]
[Date "2004.01.10"]
[Round "2"]
[White "Megnot, Philippe"]
[Black "Doucet, Medhi"]
[Result "0-1"]
[WhiteElo "1150"]
[BlackElo "1600"]
[PlyCount "100"]
[EventDate "2004.01.10"]
[EventType "swiss"]
[EventRounds "9"]
[EventCountry "FRA"]
[SourceTitle "EXT 2008"]
[Source "ChessBase"]
[SourceDate "2007.11.25"]
[SourceVersion "1"]
[SourceVersionDate "2007.11.25"]
[SourceQuality "1"]

1. e4 e5 2. Nf3 Nc6 3. Nc3 Nf6 4. Bc4 Bc5 5. h3 0-0 6. d3 Bd4 7. Nd5 Nxd5 8. Bxd5 d6 9. 0-0 Be6 10. c3 Bb6 11. c4 Bxd5 12. cxd5 Nd4 13. Nxd4 Bxd4 14. Rb1 f6 15. Qg4 Qc8 16. Qg3 Kh8 17. Re1 f5 18. Be3 f4 19. Bxf4 Rxf4 20. Re2 Qf8 21. Rf1 Qe7 22. Kh1 Raf8 23. f3 Qh4 24. Qh2 g5 25. g3 Qh5 26. gxf4 Rxf4 27. Rg2 h6 28. Rg3 Rf6 29. Qg2 Rf7 30. Rc1 Rg7 31. b3 Qg6 32. h4 Qf6 33. Qh3 Kh7 34. Rc2 Be3 35. Rcg2 Bf4 36. Rg4 Rg6 37. Rc2 Qe7 38. Qg2 h5 39. Rxg5 Bxg5 40. hxg5 Rxg5 41. Qh3 Qg7 42. Rg2 Rxg2 43. Qxg2 Qxg2+ 44. Kxg2 Kg6 45. Kg3 Kg5 46. a4 h4+ 47. Kh3 Kf4 48. Kxh4 Kxf3 49. Kg5 Ke3 50. Kf5 Kxd3 0-1